Pravdepodobnostné prístupy riešenia potrubných systémov uložených na pružných podkladoch

Na minha lista:
Detalhes bibliográficos
Autor principal: Mihelová, Silvia (Author)
Outros Autores: Jančo, Roland (Thesis advisor)
Formato: Manuscrito Livro
Idioma:eslovaco
Publicado em: 2020
Assuntos:
Acesso em linha:http://is.stuba.sk/zp/portal_zp.pl?podrobnosti=145996
Tags: Adicionar Tag
Sem tags, seja o primeiro a adicionar uma tag!

MARC

LEADER 00000ntm a22000003a 4500
001 stuzp66234
003 SK-STU
005 20200829210443.2
007 ta
008 150427s2015----xo-----f-mn---000-0-slo-d
040 |a STU  |b slo 
041 0 |a slo 
100 1 |a Mihelová, Silvia  |u 020010  |4 aut  |U SjF Strojnícka fakulta  |T SjF Ústav aplikovanej mechaniky a mechatroniky  |X 55268  |U J0010  |Y 801  |7 55268 
242 0 1 |a Probability approach to pipeline systems lying in elastic foundation  |y eng 
245 1 0 |a Pravdepodobnostné prístupy riešenia potrubných systémov uložených na pružných podkladoch 
260 |c 2020 
650 4 |a metóda odozvových plôch  |2 slo 
650 4 |a pružný podklad  |2 slo 
650 4 |a plynovod  |2 slo 
650 4 |a oprava izolácie  |2 slo 
650 4 |a metóda SBRA  |2 slo 
650 4 |a plánovitý experiment  |2 slo 
650 4 |a metóda Monte Carlo  |2 slo 
650 4 |a Design of Experiments  |2 eng 
650 4 |a gas pipeline  |2 eng 
650 4 |a elastic foundation  |2 eng 
650 4 |a isolation repair  |2 eng 
650 4 |a Monte Carlo Method  |2 eng 
650 4 |a Simulation Reliability Based Assesment  |2 eng 
650 4 |a Response Surface Method  |2 eng 
700 1 |a Jančo, Roland  |u 020010  |k Z1  |4 ths  |U SjF Strojnícka fakulta  |T SjF Ústav aplikovanej mechaniky a mechatroniky  |X 2227  |U J0010  |Y 801  |7 A000002227 
856 4 |u http://is.stuba.sk/zp/portal_zp.pl?podrobnosti=145996 
996 |b 284J045891  |c J* 118697  |l JJST  |s P  |a 0  |w stuzp66234_0001